| 000 | 00551nam a2200169Ia 4500 | ||
|---|---|---|---|
| 008 | 140626s9999 xx 000 0 und d | ||
| 100 | _aPark, Jin-Kyu.. | ||
| 245 |
_aProduct architectures and sourcing decisions : _b their impact on performance / _cJin-Kyu Park ... [et al.]. |
||
| 260 | _cc2013. | ||
| 300 | _a39 : 3, page 814 | ||
| 440 | _aJournal of Management | ||
| 521 | _aBSBA | ||
| 650 | _aIntegral/modular product architecture. | ||
| 650 | _aMake/buy sourcing strategy. | ||
| 650 | _aTechnological/financial performance. | ||
| 942 | _cSE | ||
| 999 |
_c121030 _d121030 |
||